000
00309nam a22001337a 4500
008
190305b xxu||||| |||| 00| 0 eng d
020
_a
9780803600881
041
_a
eng
080
_a
540
100
_a
12
101
_a
KIM
245
_a
Laboratory and Diagnostic Test Handbook
_c
Jaffe,M.S
942
_2
udc
_c
BK
999
_c
54561
_d
54561